Một số vấn đề văn hóa du lịch Việt Nam

Nội dung sách giới thiệu về nhận thức luận về văn hóa du lịch tập hợp những bài viết mang tính chất lý luận về văn hóa du lịch. Văn hóa du lịch Việt Nam trên một số phương diện tập hợp những bài viết về trải nghiệm, thực trang vê...

Popoln opis

Shranjeno v:
Bibliografske podrobnosti
Glavni avtor: Võ, Văn Thành
Format: Knjiga
Jezik:Undetermined
Izdano: Thành phố Hồ Chí Minh Văn nghệ 2016
Teme:
Oznake: Označite
Brez oznak, prvi označite!
Thư viện lưu trữ: Trung tâm Học liệu Trường Đại học Cần Thơ
LEADER 01046nam a2200217Ia 4500
001 CTU_227097
008 210402s9999 xx 000 0 und d
020 |c 93000 
082 |a 306.4819 
082 |b Th107 
100 |a Võ, Văn Thành 
245 0 |a Một số vấn đề văn hóa du lịch Việt Nam 
245 0 |c Võ Văn Thành 
260 |a Thành phố Hồ Chí Minh 
260 |b Văn nghệ 
260 |c 2016 
520 |a Nội dung sách giới thiệu về nhận thức luận về văn hóa du lịch tập hợp những bài viết mang tính chất lý luận về văn hóa du lịch. Văn hóa du lịch Việt Nam trên một số phương diện tập hợp những bài viết về trải nghiệm, thực trang về du lịch Việt Nam. 
650 |a Văn hóa và du lịch,Culture and tourism 
650 |z Việt Nam,Vietnam 
910 |b dqhieu 
980 |a Trung tâm Học liệu Trường Đại học Cần Thơ